Analýza vývoja sociálnej odkázanosti obyvateľstva v 1. štvrťroku r. 1995

Orientácia sociálnej starostlivosti - dávky pre rodiny s nezaopatrenými deťmi, príspevky na výživu, jednorazové peňažné dávky pre spoločensky neprispôsobivých občanov, dávky pre občanov odkázaných na osobitnú pomoc, dávky pre starých a zdravotne postihnutých občanov. Porovnanie s rovnakým obdobím r....

Ausführliche Beschreibung

Gespeichert in:
Bibliographische Detailangaben
1. Verfasser: Křížková, E.
Format: Buchkapitel
Sprache:Slowakisch
Schlagworte:
Tags: Tag hinzufügen
Keine Tags, Fügen Sie das erste Tag hinzu!

MARC

LEADER 00000naa a2200000 4500
001 r018006
005 20221205102525.9
041 0 |a slo 
044 |a SK 
245 1 0 |a Analýza vývoja sociálnej odkázanosti obyvateľstva v 1. štvrťroku r. 1995  |c E. Křížková 
520 |a Orientácia sociálnej starostlivosti - dávky pre rodiny s nezaopatrenými deťmi, príspevky na výživu, jednorazové peňažné dávky pre spoločensky neprispôsobivých občanov, dávky pre občanov odkázaných na osobitnú pomoc, dávky pre starých a zdravotne postihnutých občanov. Porovnanie s rovnakým obdobím r. 1994. 
610 2 0 |a starostlivosť sociálna 
610 2 0 |a dávky sociálne 
610 2 0 |a január-marec 
610 2 0 |a 1995 
610 2 0 |a 1994 
610 2 0 |a Slovensko 
100 1 |a Křížková, E.